<?xml version="1.0" encoding="UTF-8"?>
<record
    xmlns:xsi="http://www.w3.org/2001/XMLSchema-instance"
    xsi:schemaLocation="http://www.loc.gov/MARC21/slim http://www.loc.gov/standards/marcxml/schema/MARC21slim.xsd"
    xmlns="http://www.loc.gov/MARC21/slim">

  <leader>01484nam0a2200313   4500</leader>
  <controlfield tag="001">RU\NLR\bibl\368570</controlfield>
  <controlfield tag="005">20250621162805.0</controlfield>
  <datafield tag="021" ind1=" " ind2=" ">
    <subfield code="a">RU</subfield>
    <subfield code="b">2002-13923&#x43F;</subfield>
    <subfield code="9">522</subfield>
  </datafield>
  <datafield tag="035" ind1=" " ind2=" ">
    <subfield code="a">(NLR Aleph) 000363128</subfield>
  </datafield>
  <datafield tag="090" ind1=" " ind2=" ">
    <subfield code="a">348331</subfield>
    <subfield code="c">348331</subfield>
  </datafield>
  <datafield tag="100" ind1=" " ind2=" ">
    <subfield code="a">20010905d2002    |||y0rusy50      ca</subfield>
  </datafield>
  <datafield tag="101" ind1="0" ind2=" ">
    <subfield code="a">rus</subfield>
  </datafield>
  <datafield tag="102" ind1=" " ind2=" ">
    <subfield code="a">RU</subfield>
  </datafield>
  <datafield tag="105" ind1=" " ind2=" ">
    <subfield code="a">a   |||||||||</subfield>
  </datafield>
  <datafield tag="200" ind1="1" ind2=" ">
    <subfield code="a">&#x41F;&#x440;&#x43E;&#x431;&#x43B;&#x435;&#x43C;&#x44B; &#x43C;&#x435;&#x434;&#x438;&#x446;&#x438;&#x43D;&#x441;&#x43A;&#x43E;&#x439; &#x433;&#x435;&#x43D;&#x435;&#x442;&#x438;&#x43A;&#x438; &#x432; &#x41F;&#x440;&#x438;&#x43C;&#x43E;&#x440;&#x441;&#x43A;&#x43E;&#x43C; &#x43A;&#x440;&#x430;&#x435;: &#x434;&#x43E;&#x441;&#x442;&#x438;&#x436;&#x435;&#x43D;&#x438;&#x44F; &#x438; &#x43F;&#x435;&#x440;&#x441;&#x43F;&#x435;&#x43A;&#x442;&#x438;&#x432;&#x44B;</subfield>
    <subfield code="e">(&#x41A; 25-&#x43B;&#x435;&#x442;&#x438;&#x44E; &#x41C;&#x435;&#x434;.-&#x433;&#x435;&#x43D;&#x435;&#x442;. &#x441;&#x43B;&#x443;&#x436;&#x431;&#x44B; &#x41F;&#x440;&#x438;&#x43C;&#x43E;&#x440;. &#x43A;&#x440;&#x430;&#x44F; &#x438; 5-&#x43B;&#x435;&#x442;&#x438;&#x44E; &#x41A;&#x440;&#x430;&#x435;&#x432;. &#x43A;&#x43B;&#x438;&#x43D;. &#x446;&#x435;&#x43D;&#x442;&#x440;&#x430; &#x43E;&#x445;&#x440;&#x430;&#x43D;&#x44B; &#x43C;&#x430;&#x442;&#x435;&#x440;&#x438;&#x43D;&#x441;&#x442;&#x432;&#x430; &#x438; &#x434;&#x435;&#x442;&#x441;&#x442;&#x432;&#x430;)</subfield>
    <subfield code="e">[&#x421;&#x431;. &#x441;&#x442;.]</subfield>
  </datafield>
  <datafield tag="210" ind1=" " ind2=" ">
    <subfield code="a">&#x412;&#x43B;&#x430;&#x434;&#x438;&#x432;&#x43E;&#x441;&#x442;&#x43E;&#x43A;</subfield>
    <subfield code="c">&#x414;&#x430;&#x43B;&#x44C;&#x43D;&#x430;&#x443;&#x43A;&#x430;</subfield>
    <subfield code="d">2002</subfield>
  </datafield>
  <datafield tag="215" ind1=" " ind2=" ">
    <subfield code="a">100 &#x441;.</subfield>
    <subfield code="c">&#x438;&#x43B;., &#x43F;&#x43E;&#x440;&#x442;&#x440;.</subfield>
    <subfield code="d">28</subfield>
  </datafield>
  <datafield tag="225" ind1="1" ind2=" ">
    <subfield code="a">&#x422;&#x438;&#x445;&#x43E;&#x43E;&#x43A;&#x435;&#x430;&#x43D;&#x441;&#x43A;&#x438;&#x439; &#x43C;&#x435;&#x434;&#x438;&#x446;&#x438;&#x43D;&#x441;&#x43A;&#x438;&#x439; &#x436;&#x443;&#x440;&#x43D;&#x430;&#x43B;</subfield>
    <subfield code="e">&#x420;&#x435;&#x446;&#x435;&#x43D;&#x437;&#x438;&#x440;&#x443;&#x435;&#x43C;&#x44B;&#x439; &#x43D;&#x430;&#x443;&#x447;.-&#x43F;&#x440;&#x430;&#x43A;&#x442;. &#x436;&#x443;&#x440;&#x43D;.</subfield>
    <subfield code="v">N1(8): &#x421;&#x43F;&#x435;&#x446;. &#x432;&#x44B;&#x43F;.</subfield>
  </datafield>
  <datafield tag="320" ind1=" " ind2=" ">
    <subfield code="a">&#x411;&#x438;&#x431;&#x43B;&#x438;&#x43E;&#x433;&#x440;. &#x432; &#x43A;&#x43E;&#x43D;&#x446;&#x435; &#x441;&#x442;.</subfield>
  </datafield>
  <datafield tag="606" ind1="0" ind2=" ">
    <subfield code="a">&#x413;&#x435;&#x43D;&#x435;&#x442;&#x438;&#x43A;&#x430; &#x43C;&#x435;&#x434;&#x438;&#x446;&#x438;&#x43D;&#x441;&#x43A;&#x430;&#x44F;</subfield>
    <subfield code="j">&#x421;&#x431;&#x43E;&#x440;&#x43D;&#x438;&#x43A;&#x438;</subfield>
    <subfield code="9">915087</subfield>
    <subfield code="3">RU\NLR\auth\6615299</subfield>
  </datafield>
  <datafield tag="606" ind1="0" ind2=" ">
    <subfield code="a">&#x41C;&#x435;&#x434;&#x438;&#x43A;&#x43E;-&#x433;&#x435;&#x43D;&#x435;&#x442;&#x438;&#x447;&#x435;&#x441;&#x43A;&#x430;&#x44F; &#x43F;&#x43E;&#x43C;&#x43E;&#x449;&#x44C;</subfield>
    <subfield code="j">&#x421;&#x431;&#x43E;&#x440;&#x43D;&#x438;&#x43A;&#x438;</subfield>
    <subfield code="9">1005734</subfield>
    <subfield code="3">RU\NLR\auth\6664380</subfield>
  </datafield>
  <datafield tag="686" ind1=" " ind2=" ">
    <subfield code="a">&#x420;11(2)284.19&#x44F;43</subfield>
  </datafield>
  <datafield tag="686" ind1=" " ind2=" ">
    <subfield code="a">&#x420;41,4&#x44F;43</subfield>
  </datafield>
  <datafield tag="801" ind1=" " ind2="0">
    <subfield code="a">RU</subfield>
    <subfield code="b">NLR</subfield>
    <subfield code="c">20030218</subfield>
    <subfield code="g">PSBO</subfield>
  </datafield>
  <datafield tag="801" ind1=" " ind2="1">
    <subfield code="a">RU</subfield>
    <subfield code="b">NLR</subfield>
    <subfield code="c">20030218</subfield>
  </datafield>
  <datafield tag="852" ind1=" " ind2=" ">
    <subfield code="a">NLR</subfield>
    <subfield code="j">&#x41F;17/648</subfield>
  </datafield>
  <datafield tag="942" ind1=" " ind2=" ">
    <subfield code="c">BOOK</subfield>
  </datafield>
  <datafield tag="980" ind1=" " ind2=" ">
    <subfield code="a">NB</subfield>
  </datafield>
  <datafield tag="995" ind1=" " ind2=" ">
    <subfield code="5">2013-10-26</subfield>
    <subfield code="b">NLR01</subfield>
    <subfield code="c">NLR01</subfield>
    <subfield code="e">RJF</subfield>
    <subfield code="f">363128-10</subfield>
    <subfield code="k">&#x41F;17/648</subfield>
    <subfield code="o">0</subfield>
    <subfield code="r">BOOK</subfield>
    <subfield code="s">17648_</subfield>
  </datafield>
</record>
